00707nam a2200205 a 450000100060000000300090000600800410001502000150005604000280007108200170009910000270011624500470014326000440019030000110023459000490024565000260029494200120032099900170033295201520034917226CO-ViMGA141112s2004 ck r 000 u spa d a8423310515 aCO-ViMGAbspacCO-ViMGA04a891.86 H373a1 aHasek, Jaroslav92449510aLas aventuras del valeroso soldado Schwejk aBarcelona (España), cDestino, c1981 a323.p. aForma de adquisición : Premio - Mincultura14aNOVELA - CHECA924496 2ddccBK c26801d26801 00102ddc40708003aMEVIECARbMEVIECARd2015-12-04hVolumen. 1 | 11/jun/2009l0o891.86 H373a p17226r2015-12-04 00:00:00tEj. 1w2015-12-04yBK